Sborová škola pre dychovú hudbu. [1], Partitúra
| Hlavní autor: | Pádivý, Karol, 1908-1965 |
|---|---|
| Jazyk: | Nelze použít, není lingvistický obsah |
| Vydáno: |
Martin : Osveta, 1953 |
| Fyzický popis: |
281 s. |
| LEADER | 00570ncm a22001932a 4500 | ||
|---|---|---|---|
| 001 | 001191109 | ||
| 003 | CZ BrMZK | ||
| 005 | 20120402144655.0 | ||
| 007 | qu | ||
| 008 | 120124s1953 xo |||||||||||||||||zxx d | ||
| 040 | |a BOA001 |b cze | ||
| 072 | 7 | |a 786/789 |x Hudba pro jednotlivé nástroje |2 Konspekt |9 9 | |
| 100 | 1 | |a Pádivý, Karol, |d 1908-1965 |7 jk01091485 |4 aut | |
| 245 | 1 | 0 | |a Sborová škola pre dychovú hudbu. |n [1], Partitúra |h [hudebnina] / |c Karol Pádivý |
| 260 | |a Martin : |b Osveta, |c 1953 | ||
| 300 | |a 281 s. | ||
| 910 | |a BOA001 |b Mus4-0327.475,1 | ||
| 990 | |a MU | ||
| 991 | |b 201201 | ||
English
Čeština 